000 00877cam a2200181 4500
001 X117977
008 020515n2002 000 0 eng u
035 _a(Sirsi) u117977
245 _aR on the application of the Trustees of the Friends of the Lake District v SoS Environment Transport and the Regions
260 _c2002
490 _aJournal of Planning and Environment Law
_v[2002] JPL 72-87(
520 _aQBD 3 April 2001. Decision to call in planning application under Town and Country Planning Act 1990 s77. Change in circumstances. Whether SoS could revoke the directiOn to call in legitimate expectation (Taken from abstract)
650 _aPLANNING APPLICATIONS
650 _aTOWN AND COUNTRY PLANNING ACT 1990 S77
650 _aR V SOS ENVIRONMENT EX P TRUSTEES OF THE FRIENDS OF THE LAKE DISTRICT
690 _aPlanning and development
_96259
942 _n0
999 _c70263
_d70263